| 000 | 00547nam a2200205 a 4500 | ||
|---|---|---|---|
| 005 | 20210219153117.0 | ||
| 008 | 991125n 000 0 u | ||
| 035 | _aUPN01000078721 | ||
| 100 | _aPhillips, Jerry | ||
| 222 | _aREADING HORIZONS | ||
| 245 | _aExpanding horizons : Writing cliffhangers | ||
| 300 | _a178-180 | ||
| 362 | _a33, No. 2, 1992 | ||
| 505 | _aMayo 1993 | ||
| 653 | 0 | _aEJERCICIOS DE ESCRITURA | |
| 653 | 0 | _aINSTRUCCION PARA LA ESCRITURA | |
| 653 | 0 | _aWRITING ASSIGNMENTS | |
| 904 |
_aAC _b016532 |
||
| 905 | _aArticulo | ||
| 999 |
_c68703 _d68703 |
||